| 000 | 02376nam a22002297a 4500 | ||
|---|---|---|---|
| 003 | OSt | ||
| 005 | 20180926113922.0 | ||
| 008 | 180309b xxu||||| |||| 00| 0 spa d | ||
| 020 | _a950200664X | ||
| 040 | _cPJ | ||
| 100 |
_983 _aAftalión, Enrique R. |
||
| 245 | 1 | 0 |
_aIntroducción al derecho / _cEnrique R. Aftalión, José Vilanova; nueva versión con la colaboración de Julio Raffo. _b |
| 250 | _a2a. ed. | ||
| 260 |
_aBuenos Aires : _bAbeledo Perrot, _c1994. |
||
| 300 | _a1177 p. | ||
| 500 | _aCitas y notas bibliográficas a pie de página. | ||
| 500 | _aContenido: Conocimiento y conocimiento científico, historia de las ideas jurídicas, teoría general del derecho, teoría general aplicada. | ||
| 505 | _aContenidos. Conocimiento y conocimiento científico -- Enfoque existencial: el conocimiento en la vida cotidiana -- Enfoque biológico: El conocimiento innato y la adquisición primaria del conocimiento -- Cultura, lenguaje y conocimiento -- Comienzo de la tradición científico- filosófica en nuestra cultura -- Lenguaje y lenguaje científico -- El método en las ciencias naturales y formales -- El método en las ciencias sociales -- Disciplinas que estudian el fenómeno jurídico -- Historia de las ideas jurídicas -- El pensamiento jurídico desde la antigüedad hasta la constitución de la ciencia jurídica -- Constitución de la ciencia jurídica -- Escuelas iuspositivistas que han desarrollado una teoría general del derecho --Teoría general -- El derecho como conducta ( ontología jurídica ) -- Las normas jurídicas -- El ordenamiento jurídico -- Derecho subjetivo -- La positividad y las fuentes -- Las fuentes del derecho -- Las fuentes del derecho en particular. La ley -- Las fuentes en particular, la costumbre, la jurisprudencia y la doctrina -- La justicia -- El método jurídico y la interpretación -- Teoría general aplicada al derecho argentino -- Aplicación de la Ley en relación al territorio y al tiempo -- Derecho publico y privado. Las ramas del derecho . El derecho internacional publico -- Derecho político. Derecho constitucional. Derecho administrativo. Derecho financiero -- Derecho penal -- Derecho procesal -- Derecho civil y comercial -- Derecho del trabajo (social). | ||
| 650 |
_aDERECHO EN GENERAL _9209 |
||
| 650 | 0 |
_aTEORIA GENERAL DEL DERECHO _9214 |
|
| 942 |
_2udc _cLIB _h340.11 _iAFT |
||
| 999 |
_c193 _d193 |
||